[Event "Binhai Cup-B 4th"]
[White "Chen, Yunqi"]
[Black "Miao, Zixin"]
[Site "Binhai"]
[Round "5"]
[Result "1/2-1/2"]
[Date "2024.08.20"]
[WhiteElo "1806"]
[BlackElo "1644"]
[PlyCount "67"]
[EventDate "2024.08.18"]
[EventType "swiss"]
[EventRounds "9"]
[EventCountry "CHN"]
[SourceTitle "CBM 221 Extra"]
[Source "ChessBase"]
[SourceDate "2024.09.30"]
[SourceVersion "1"]
[SourceVersionDate "2024.09.30"]
[SourceQuality "1"]

1. d4 d5 2. c4 e6 3. Nc3 Nf6 4. Bg5 Be7 5. e3 0-0 6. Nf3 h6 7. Bh4 b6 8. cxd5 Nxd5 9. Bxe7 Qxe7 10. Nxd5 exd5 11. Rc1 Be6 12. Bd3 c5 13. b3 Nd7 14. 0-0 Rac8 15. Bb1 Rfd8 16. Qd3 g6 17. Qa6 Qd6 18. Qe2 Bg4 19. h3 Bxf3 20. Qxf3 cxd4 21. exd4 Nf6 22. Rce1 Re8 23. Re3 Rxe3 24. Qxe3 Kg7 25. Qd2 Nh5 26. Re1 Nf4 27. Qe3 Ne6 28. Qe5+ Qxe5 29. dxe5 Re8 30. g3 g5 31. Kg2 f6 32. Bd3 Kf7 33. Bb5 Rd8 34. Bd3 1/2-1/2

[Event "Binhai Cup-B 4th"]
[White "Chen, Yunqi"]
[Black "Li, Ziang"]
[Site "Binhai"]
[Round "3"]
[Result "1/2-1/2"]
[Date "2024.08.19"]
[WhiteElo "1806"]
[BlackElo "1976"]
[PlyCount "51"]
[EventDate "2024.08.18"]
[EventType "swiss"]
[EventRounds "9"]
[EventCountry "CHN"]
[SourceTitle "CBM 221 Extra"]
[Source "ChessBase"]
[SourceDate "2024.09.30"]
[SourceVersion "1"]
[SourceVersionDate "2024.09.30"]
[SourceQuality "1"]

1. d4 Nf6 2. c4 g6 3. Nf3 Bg7 4. g3 0-0 5. Bg2 d6 6. 0-0 c6 7. Nc3 Nbd7 8. e4 e5 9. d5 Nc5 10. Qc2 a5 11. h3 b5 12. cxb5 cxb5 13. Be3 Qb6 14. Rfc1 Ba6 15. a3 a4 16. Bxc5 Qxc5 17. b4 Qb6 18. g4 Rfc8 19. Bf1 Rab8 20. Qd2 Rc7 21. Bd3 Rbc8 22. Ne2 Rc4 23. Ng3 R4c7 24. Ne2 Rc4 25. Ng3 R4c7 26. Ne2 1/2-1/2